LEADER 01036nam0-2200361---450- 001 990009587350403321 005 20160204103505.0 010 $a978-88-568-3129-0 035 $a000958735 035 $aFED01000958735 035 $a(Aleph)000958735FED01 035 $a000958735 100 $a20120606d2010----km-y0itay50------ba 101 0 $aita 102 $aIT 105 $aa-------001yy 200 1 $a<>sperimentazione umana$ediritti violati/diritti condivisi$fGaia Marsico 205 $aNuova ed. aggiornata e ampliata 210 $aMilano$cFrancoAngeli$d2010 215 $a286 p.$cill.$d23 cm 225 1 $aScienze umane e sanità$v7 610 0 $aMedicina sperimentale$aEtica 676 $a174.28$v22$zita 700 1$aMarsico,$bGaia$0516819 801 0$aIT$bUNINA$gREICAT$2UNIMARC 901 $aBK 912 $a990009587350403321 952 $aCollez. 2279 (7)$b49211$fFSPBC 952 $aA I A 484$bCIV8$fDDRC 959 $aFSPBC 959 $aDDRC 996 $aSperimentazione umana$9845901 997 $aUNINA LEADER 01743nam0-2200529---450- 001 990000085020203316 005 20000706 010 $a0-8493-8552-0 035 $a0008502 035 $aUSA010008502 035 $a(ALEPH)000008502USA01 035 $a0008502 100 $a20000706d1997----|||y0itay0103----ba 101 0 $aeng 102 $aUS 105 $aa---||||001yy 200 1 $aAntisense oligodeoxynucleotides and antisense RNA$enovel pharmacological and therapeutic agents$fedited by Benjamin Weiss 210 $aBoca Raton [etc.]$cCRC Press$dcopyr.1997 215 $a252 p.$cill.$d26 cm 225 2 $aPharmacology and toxicology$i: Basic and clinical aspects 410 0$a12001$aPharmacology and toxicology : Basic and clinical aspects 606 $aAcidi nucleici$xImpiego terapeutico 676 $a615.31 702 1$aWEISS,$bBenjamin 801 $aIT$bSALBC$gISBD 912 $a990000085020203316 951 $a615.31 ANT$b2066 Farm.$c615.31 ANT$d00000952 959 $aBK 979 $c20000914$lUSA01$h1739 979 $c20000919$lUSA01$h1048 979 $c20000919$lUSA01$h1521 979 $c20001019$lUSA01$h1056 979 $c20001019$lUSA01$h1454 979 $c20001019$lUSA01$h1501 979 $c20001019$lUSA01$h1539 979 $c20001024$lUSA01$h1515 979 $c20001027$lUSA01$h1519 979 $c20001027$lUSA01$h1523 979 $c20001110$lUSA01$h1710 979 $c20001124$lUSA01$h1208 979 $aPATTY$b90$c20010423$lUSA01$h1228 979 $c20020403$lUSA01$h1616 979 $aPATRY$b90$c20040406$lUSA01$h1607 979 $aPATRY$b90$c20121106$lUSA01$h1536 996 $aAntisense oligodeoxynucleotides and antisense RNA$91517305 997 $aUNISA bas $afar LEADER 03648nam 22006495 450 001 9910254046403321 005 20251116160038.0 010 $a1-4471-6809-7 024 7 $a10.1007/978-1-4471-6809-6 035 $a(CKB)3710000000734975 035 $a(DE-He213)978-1-4471-6809-6 035 $a(MiAaPQ)EBC4573236 035 $a(PPN)194376575 035 $a(EXLCZ)993710000000734975 100 $a20160628d2016 u| 0 101 0 $aeng 135 $aurnn#008mamaa 181 $ctxt$2rdacontent 182 $cc$2rdamedia 183 $acr$2rdacarrier 200 10$aPolymer Nanocomposites $eTowards Multi-Functionality /$fby Aravind Dasari, Zhong-Zhen Yu, Yiu-Wing Mai 205 $a1st ed. 2016. 210 1$aLondon :$cSpringer London :$cImprint: Springer,$d2016. 215 $a1 online resource (XII, 305 p. 196 illus., 72 illus. in color.) 225 1 $aEngineering Materials and Processes,$x1619-0181 311 08$a1-4471-6807-0 320 $aIncludes bibliographical references and index. 327 $aIntroduction: Towards Multi-functionality -- Nanoparticles -- Processing -- Microstructural Characterization -- Interfaces -- Mechanical Properties -- Thermal Properties -- Flame Retardancy -- Wear/Scratch Damage -- Functional Properties -- Ecological Issues with Polymeric Materials -- Applications and Outlook. . 330 $aThis highlights ongoing research efforts on different aspects of polymer nanocomposites and explores their potentials to exhibit multi-functional properties. In this context, it addresses both fundamental and advanced concepts, while delineating the parameters and mechanisms responsible for these potentials. Aspects considered include embrittlement/toughness; wear/scratch behaviour; thermal stability and flame retardancy; barrier, electrical and thermal conductivity; and optical and magnetic properties. Further, the book was written as a coherent unit rather than a collection of chapters on different topics. As such, the results, analyses and discussions presented herein provide a guide for the development of a new class of multi-functional nanocomposites. Offering an invaluable resource for materials researchers and postgraduate students in the polymer composites field, they will also greatly benefit materials. 410 0$aEngineering Materials and Processes,$x1619-0181 606 $aNanotechnology 606 $aMechanics 606 $aMechanics, Applied 606 $aBiotechnology 606 $aNanotechnology$3https://scigraph.springernature.com/ontologies/product-market-codes/Z14000 606 $aNanotechnology and Microengineering$3https://scigraph.springernature.com/ontologies/product-market-codes/T18000 606 $aSolid Mechanics$3https://scigraph.springernature.com/ontologies/product-market-codes/T15010 606 $aMicroengineering$3https://scigraph.springernature.com/ontologies/product-market-codes/C12040 615 0$aNanotechnology. 615 0$aMechanics. 615 0$aMechanics, Applied. 615 0$aBiotechnology. 615 14$aNanotechnology. 615 24$aNanotechnology and Microengineering. 615 24$aSolid Mechanics. 615 24$aMicroengineering. 676 $a620.118 700 $aDasari$b Aravind$4aut$4http://id.loc.gov/vocabulary/relators/aut$01059756 702 $aYu$b Zhong-Zhen$4aut$4http://id.loc.gov/vocabulary/relators/aut 702 $aMai$b Yiu-Wing$4aut$4http://id.loc.gov/vocabulary/relators/aut 801 0$bMiAaPQ 801 1$bMiAaPQ 801 2$bMiAaPQ 906 $aBOOK 912 $a9910254046403321 996 $aPolymer Nanocomposites$92508087 997 $aUNINA